000 00730nam a22001937a 4500
999 _c17714
_d17714
003 BDDh-ASL
005 20231015025629.0
008 200907s1963 nyu||||| |||| 001 0 eng d
040 _aBDDh-ASL
_cBDDh-ASL
_dBDDh-ASL
082 _a294
_bNIU
245 _aThe Upanishads:
_bKatha, Isa, Kena, Mundaka, Svetasvatara, Prasna, mandukya, Aitareya, Brihadaranyaka, Taittiriya, and Chhandogya/
_cSwami Nikhilananda
260 _aNew York:
_bHarper & Row, Publishers,
_c1963.
300 _a402 p. :
_c20 cm.
500 _aIncludes Index
650 0 _9527
_aReligion and law.
_xUpanishads
650 0 _9602
_aHindu Religion
_xUpanishads
700 _9600
_aNikhilananda, Swami
_eTranslated and edited
_qSwami Nikhilananda
942 _2ddc
_cBK